Stresses in framed structures the design of steel mill buildings (Record no. 546648)
[ view plain ]
| 000 -LEADER | |
|---|---|
| fixed length control field | 00561cam a22001571 4500 |
| 082 ## - DEWEY DECIMAL CLASSIFICATION NUMBER | |
| Classification number | 624.176 |
| Author Mark | KET |
| -- | L-20,P-45 |
| 100 1# - MAIN ENTRY--PERSONAL NAME | |
| Personal name | Ketchum, Milo Smith, |
| 9 (RLIN) | 42830 |
| 245 04 - TITLE STATEMENT | |
| Title | Stresses in framed structures the design of steel mill buildings |
| Statement of responsibility, etc. | by Milo S. Ketchum ... |
| 250 ## - EDITION STATEMENT | |
| Edition statement | Part 1 |
| 260 ## - PUBLICATION, DISTRIBUTION, ETC. | |
| Place of publication, distribution, etc. | New York and London, |
| Name of publisher, distributor, etc. | McGraw Hill book company, inc. |
| Date of publication, distribution, etc. | [1932] |
| 300 ## - PHYSICAL DESCRIPTION | |
| Extent | xi, 217 p. |
| Other physical details | illus., diagrs. (part fold.) |
| Dimensions | 23 cm. |
| 526 ## - STUDY PROGRAM INFORMATION NOTE | |
| Program name | 0 |
| Interest level | 0 |
| Reading level | 0 |
| Title point value | 624_176000000000000_KET |
| 650 #0 - SUBJECT ADDED ENTRY--TOPICAL TERM | |
| Topical term or geographic name entry element | Building, Iron and steel. |
| 650 #0 - SUBJECT ADDED ENTRY--TOPICAL TERM | |
| Topical term or geographic name entry element | Factories. |
| 9 (RLIN) | 42831 |
| 942 ## - ADDED ENTRY ELEMENTS (KOHA) | |
| Source of classification or shelving scheme | |
| Koha item type | Book |
| Withdrawn status | Lost status | Source of classification or shelving scheme | Damaged status | Not for loan | Permanent Location | Current Location | Date acquired | Total Checkouts | Full call number | Barcode | Date last seen | Price effective from | Koha item type |
|---|---|---|---|---|---|---|---|---|---|---|---|---|---|
| Military College of Engineering (MCE) | Military College of Engineering (MCE) | 06/17/2014 | 624.176 KET | MCE-30624 | 06/17/2014 | 06/17/2014 | Book |
